| 000 | 00968nam a2200265 i 4500 | ||
|---|---|---|---|
| 001 | 17718 | ||
| 003 | ES-MaACL | ||
| 005 | 20250717065507.0 | ||
| 007 | t| | ||
| 008 | 010509s1974 fr ||||1| fre d | ||
| 020 | _a2-85184-024-X | ||
| 080 | _a330.862 | ||
| 080 | _a821.161.1-821"18" | ||
| 100 | 1 |
_aBakunin, Mijail Aleksandrovich, _d1814-1876 _9240797 |
|
| 245 | 1 | 0 |
_aMichel Bakounine et l'Italie 1871-1872. _n, . Deuxième partie, _pLa Première Internationale en Italie et le conflit avec Marx / _cintroduction et annotations de Arthur Lehning. |
| 260 |
_aParis : _bEditions Champ Libre, _cD.L. 1974. |
||
| 300 |
_aLXVII, 500 p. ; _c27 cm. |
||
| 490 | 1 |
_aOeuvres complètes de Bakounine ; _v1 |
|
| 500 | _aBiblioteca Juan Andrade. | ||
| 650 | 7 |
_aAnarquismo _2embne _99783 |
|
| 700 | 1 |
_aLehning, Arthur. _971350 |
|
| 830 | 0 |
_aOeuvres complètes de Bakounine ; _v1 _9228737 |
|
| 852 |
_aES-MaACL _jAND-4 _bR.109391 |
||
| 999 |
_c17718 _d17718 |
||